[Event "Double Scotch"]
[Site "SchemingMind.com"]
[Date "2006.12.11"]
[Round "-"]
[White "Canuck36"]
[Black "mart_r3000"]
[Result "1-0"]
[WhiteCountry "CAN"]
[BlackCountry "ENG"]
[WhiteElo "1492"]
[WhiteRD "67"]
[BlackElo "1286"]
[BlackRD "52"]
[GameID "81398"]

1. e4 e5 2. Nf3 Nc6 3. d4 exd4 4. Nxd4 Nf6 5. Nxc6 bxc6 6. Bd3 Bb4+ 7. Nd2 Qe7 8. Qe2 O-O 9. O-O Bd6 10. Nc4 Bc5
11. Bf4 d5 12. Ne5 Bd4 13. Nxc6 Qe6 14. Nxd4 Qg4 15. Bxc7 Re8 16. f3 Qh5 17. Rfe1 Bd7 18. Qd2 Rac8 19. Bg3 dxe4 20. fxe4 Ng4
21. Nf3 Rcd8 22. h3 Qc5+ 23. Kf1 Bb5 24. b4 Qc6 25. hxg4 Rxe4 26. Rxe4 Qxe4 27. Re1 Qd5 28. Bxb5 Qxb5+ 29. Qe2 a6 30. c4 Qd7
31. Ng5 h6 32. Ne4 Re8 33. Qf3 Kh8 34. Nd6 Rxe1+ 35. Kxe1 Qe6+ 36. Kf2 g6 37. Nxf7+ Kg7 38. Nd6 Qe7 39. c5
1-0

[Event "Double Scotch"]
[Site "SchemingMind.com"]
[Date "2006.12.10"]
[Round "-"]
[White "mart_r3000"]
[Black "Canuck36"]
[Result "0-1"]
[WhiteCountry "ENG"]
[BlackCountry "CAN"]
[WhiteElo "1286"]
[WhiteRD "52"]
[BlackElo "1492"]
[BlackRD "67"]
[GameID "81399"]

1. e4 e5 2. Nf3 Nc6 3. d4 exd4 4. Nxd4 Nf6 5. Nc3 Bb4 6. Ne2 O-O 7. a3 Ba5 8. b4 Bb6 9. h3 Re8 10. Ng3 d6
11. Bd3 Be6 12. O-O Nd4 13. f4 Nxc2+ 14. Kh2 Nxa1 15. f5 Bb3 16. Qe2 Ba4 17. Nxa4 c6 18. Bb2 Nb3 19. Bc4 Nd4 20. Qe3 c5
21. bxc5 dxc5 22. e5 Nd5 23. f6 Nxf6 24. Rf4 Nc6 25. e6 fxe6 26. Bxf6 gxf6 27. Bxe6+ Kh8 28. Nh5 c4 29. Qe4 Bc7 30. Kg3 Bxf4+
31. Nxf4 Nd4 32. Ng6+ hxg6 33. Qh4+ Kg7 34. Bxc4 Nf5+
0-1

[Event "Double Scotch"]
[Site "SchemingMind.com"]
[Date "2006.12.12"]
[Round "-"]
[White "flyingscot"]
[Black "mart_r3000"]
[Result "1-0"]
[WhiteCountry "SCO"]
[BlackCountry "ENG"]
[WhiteElo "1459"]
[WhiteRD "75"]
[BlackElo "1286"]
[BlackRD "52"]
[GameID "81531"]

1. e4 e5 2. Nf3 Nc6 3. d4 f6 4. Bc4 Nge7 5. O-O d5 6. exd5 Nb4 7. Nc3 Bf5 8. Bb5+ c6 9. dxc6 bxc6 10. Ba4 g5
11. Re1 Qd7 12. d5 O-O-O 13. Be3 Qd6 14. Bb3 g4 15. Nd2 cxd5 16. Bxa7 d4 17. Na4 Kb7 18. Bc5 Qc6 19. Bxb4 Bh6 20. Nc4 Kc7
21. Bxe7 Rd7 22. Bb4 Bf8 23. Ba5+ Kb8 24. Qd2 e4 25. Qf4+ Kb7 26. Bd2 Rd5 27. Na5+ Rxa5 28. Bxa5 Qb5 29. Qc7+ Ka6 30. Bc4 Qxc4
31. Qb6#
1-0

[Event "Double Scotch"]
[Site "SchemingMind.com"]
[Date "2006.12.12"]
[Round "-"]
[White "flyingscot"]
[Black "Canuck36"]
[Result "1-0"]
[WhiteCountry "SCO"]
[BlackCountry "CAN"]
[WhiteElo "1459"]
[WhiteRD "75"]
[BlackElo "1492"]
[BlackRD "67"]
[GameID "81532"]

1. e4 e5 2. Nf3 Nc6 3. d4 exd4 4. Bc4 Bc5 5. O-O Na5 6. Bd3 Nf6 7. Bf4 O-O 8. Nbd2 d6 9. Re1 Re8 10. h3 Be6
11. e5 dxe5 12. Bxe5 a6 13. Ng5 Nd7 14. Bxh7+ Kf8 15. Nxe6+ Rxe6 16. Bxg7+ Kxg7 17. Qh5 Rh6 18. Qf5 Nc6 19. Ne4 Bb6 20. Ng5 Rf6
21. Qg4 Qh8 22. Qxd7 Rd8 23. Qg4 Qf8 24. Ne6+
1-0

[Event "Double Scotch"]
[Site "SchemingMind.com"]
[Date "2006.12.12"]
[Round "-"]
[White "mart_r3000"]
[Black "flyingscot"]
[Result "0-1"]
[WhiteCountry "ENG"]
[BlackCountry "SCO"]
[WhiteElo "1286"]
[WhiteRD "52"]
[BlackElo "1459"]
[BlackRD "75"]
[GameID "81533"]

1. e4 e5 2. Nf3 Nc6 3. d4 exd4 4. Bb5 Bc5 5. O-O Nge7 6. Bg5 O-O 7. Re1 Re8 8. e5 a6 9. Bd3 h6 10. Bh4 d6
11. Nbd2 Bg4 12. h3 Bxh3 13. gxh3 dxe5 14. Nxe5 Nb4 15. Qf3 Rf8 16. Bc4 Qc8 17. Nxf7 Ned5 18. Qh5 c6 19. Bb3 Qxh3 20. Nf3 Rxf7
21. Ne5 Rf5 22. Qg6 Raf8 23. Qe6+ Kh8 24. Ng6+ Kh7 25. Nxf8+ Rxf8 26. Qe4+ Kh8 27. c3 dxc3 28. Qc4 b6 29. bxc3 Nf4 30. Qe4 Qxh4
31. Re3 Nh3+ 32. Kg2 Rxf2+ 33. Kh1 Nf4+ 34. Kg1 Qh2#
0-1

[Event "Double Scotch"]
[Site "SchemingMind.com"]
[Date "2006.12.12"]
[Round "-"]
[White "Canuck36"]
[Black "flyingscot"]
[Result "1-0"]
[WhiteCountry "CAN"]
[BlackCountry "SCO"]
[WhiteElo "1492"]
[WhiteRD "67"]
[BlackElo "1459"]
[BlackRD "75"]
[GameID "81534"]

1. e4 e5 2. Nf3 Nc6 3. d4 exd4 4. Nxd4 Ne5 5. Nc3 Bb4 6. Bd2 a6 7. f4 Ng6 8. Nd5 Bd6 9. g3 c5 10. Nf5 Bb8
11. Nxg7+ Kf8 12. Bc3 Nh6 13. Nh5 Kg8 14. Bf6 Qa5+ 15. c3 Ng4 16. Qxg4 d6 17. Qxc8+ Nf8 18. Ne7#
1-0

[Event "Double Scotch"]
[Site "SchemingMind.com"]
[Date "2006.12.13"]
[Round "-"]
[White "cnile"]
[Black "mart_r3000"]
[Result "1-0"]
[WhiteCountry "SCO"]
[BlackCountry "ENG"]
[WhiteElo "1492"]
[WhiteRD "74"]
[BlackElo "1281"]
[BlackRD "52"]
[GameID "81556"]

1. e4 e5 2. Nf3 Nc6 3. d4 d5 4. dxe5 dxe4 5. Ng5 Nf6 6. exf6 Qxf6 7. Nxe4 Qe5 8. Bd3 f5 9. O-O Be6 10. Nec3 Bd6
11. f4 Qd4+ 12. Kh1 O-O-O 13. Nb5 Be7 14. Nxd4 Rxd4 15. Be3 Rd7 16. Nc3 Nb4 17. Bd2 h6 18. Qf3 Nxc2 19. Bxc2 Rxd2 20. Ba4 Rhd8
21. Rfd1 Bf6 22. Nb5 g6 23. Nxa7+ Kb8 24. Rxd2 Rxd2 25. Rd1 Rxb2 26. Nc6+ bxc6 27. Bxc6 Rxa2 28. Qd3 Rb2 29. Qa6
1-0

[Event "Double Scotch"]
[Site "SchemingMind.com"]
[Date "2006.12.14"]
[Round "-"]
[White "cnile"]
[Black "Canuck36"]
[Result "0-1"]
[WhiteCountry "SCO"]
[BlackCountry "CAN"]
[WhiteElo "1532"]
[WhiteRD "65"]
[BlackElo "1492"]
[BlackRD "67"]
[GameID "81557"]

1. e4 e5 2. Nf3 Nc6 3. d4 exd4 4. Nxd4 Nf6 5. Bg5 Be7 6. Nxc6 bxc6 7. Nc3 d6 8. Bc4 O-O 9. O-O Re8 10. f4 a5
11. Qf3 Bb7 12. Rad1 Nd7 13. Bxe7 Qxe7 14. Rfe1 c5 15. Nd5 Bxd5 16. Bxd5 Rab8 17. b3 Rb4 18. Qh5 g6 19. Qf3 Rd4 20. Rxd4 cxd4
21. e5 dxe5 22. fxe5 Kg7 23. Qf4 Nxe5 24. Qxd4 f6 25. a4 Nf3+ 26. Bxf3 Qxe1#
0-1

[Event "Double Scotch"]
[Site "SchemingMind.com"]
[Date "2006.12.14"]
[Round "-"]
[White "cnile"]
[Black "flyingscot"]
[Result "0-1"]
[WhiteCountry "SCO"]
[BlackCountry "SCO"]
[WhiteElo "1532"]
[WhiteRD "65"]
[BlackElo "1459"]
[BlackRD "75"]
[GameID "81558"]

1. e4 e5 2. Nf3 Nc6 3. d4 exd4 4. Nxd4 Bc5 5. Nxc6 bxc6 6. c4 d6 7. Qf3 Nf6 8. Nc3 Bg4 9. Qg3 O-O 10. h3 Bh5
11. Bh6 Bxf2+ 12. Qxf2 gxh6 13. Qg3+ Bg6 14. O-O-O Re8 15. Bd3 Re5 16. Rhf1 Nh5 17. Qe3 Kg7 18. g4 Nf6 19. Rf2 c5 20. Rdf1 Qe8
21. Rxf6 a6 22. Nd5 Ra7 23. R6f4 c6 24. Nf6 Qe7 25. h4 Qc7 26. h5 Qa5 27. hxg6 hxg6 28. Ne8+ Rxe8 29. Kb1 Re5 30. Qh3 Rb7
31. Rh1 Kf8 32. Qxh6+ Ke7 33. Qg5+ Rxg5 34. Rh7 Ke6 35. e5 Qe1+ 36. Kc2 dxe5 37. Re4 Qf2+ 38. Kc3 Qxb2#
0-1

[Event "Double Scotch"]
[Site "SchemingMind.com"]
[Date "2006.12.11"]
[Round "-"]
[White "mart_r3000"]
[Black "cnile"]
[Result "0-1"]
[WhiteCountry "ENG"]
[BlackCountry "SCO"]
[WhiteElo "1286"]
[WhiteRD "52"]
[BlackElo "1532"]
[BlackRD "65"]
[GameID "81559"]

1. e4 e5 2. Nf3 Nc6 3. d4 exd4 4. Nxd4 Qh4 5. Nc3 Bc5 6. Be3 Nf6 7. g3 Qg4 8. h3 Qxd1+ 9. Nxd1 Nxd4 10. Rc1 d5
11. e5 Ne4 12. c3 Ne6 13. Bxc5 N4xc5 14. Ne3 c6 15. Be2 Nd7 16. f4 b5 17. Ng4 Ndc5 18. f5 Ng5 19. O-O O-O 20. f6 gxf6
21. Nxf6+ Kh8 22. Kh2 Bxh3 23. Rf5 Bxf5 24. Rh1 Bg6 25. b4 Nce4 26. Nd7 Rg8 27. Kg2 Nxc3 28. Bg4 Nce4 29. Rc1 Rg7 30. e6 Nxe6
31. Ne5 c5 32. bxc5 N4xc5 33. Rd1 Be4+ 34. Kh3 Rag8 35. Bh5 Ng5+ 36. Kh2 Nge6 37. Rb1 Bg6 38. Rf1 Bxh5 39. Kh3 Rxg3+ 40. Kh4 Be2
41. Rf2 Nd3 42. Rxe2 Nxe5 43. Rxe5 R8g4+ 44. Kh5 Nf4+ 45. Kh6 Rg6#
0-1

[Event "Double Scotch"]
[Site "SchemingMind.com"]
[Date "2006.12.13"]
[Round "-"]
[White "Canuck36"]
[Black "cnile"]
[Result "1-0"]
[WhiteCountry "CAN"]
[BlackCountry "SCO"]
[WhiteElo "1502"]
[WhiteRD "70"]
[BlackElo "1492"]
[BlackRD "74"]
[GameID "81560"]

1. e4 e5 2. Nf3 Nc6 3. d4 exd4 4. Nxd4 Qh4 5. Nb5 Qxe4+ 6. Be2 Qe5 7. f4 Qd6 8. Nxd6+ Bxd6 9. Nc3 b6 10. O-O Bc5+
11. Kh1 Nh6 12. Ne4 d6 13. Nxc5
1-0

[Event "Double Scotch"]
[Site "SchemingMind.com"]
[Date "2006.12.12"]
[Round "-"]
[White "flyingscot"]
[Black "cnile"]
[Result "0-1"]
[WhiteCountry "SCO"]
[BlackCountry "SCO"]
[WhiteElo "1478"]
[WhiteRD "77"]
[BlackElo "1551"]
[BlackRD "69"]
[GameID "81561"]

1. e4 e5 2. Nf3 Nc6 3. d4 exd4 4. Bc4 Bc5 5. O-O d6 6. c3 dxc3 7. Nxc3 Nf6 8. Ng5 O-O 9. a3 Ne5 10. Ba2 Qe7
11. Na4 Bg4 12. Qc2 Bd7 13. b4 Bd4 14. Rb1 Bc6 15. b5 Bd7 16. Rb4 c5 17. Rb3 h6 18. Qd2 hxg5 19. Qxg5 Ng6 20. Rg3 Nxe4
21. Qxg6 Nxg3 22. hxg3 Bxb5 23. Bg5 Bf6 24. Bh4 Bxf1 25. Kxf1 Rae8 26. Kg1 Bxh4 27. Kh2 Bf6 28. Qd3 Qe1 29. Bd5 Qxf2 30. Qc4 Be5
31. Bxb7 Bxg3+ 32. Kh3 Bf4 33. Qd3 Re3+ 34. Qxe3 Qxe3+ 35. Kg4 Qg3+ 36. Kf5 Re8 37. Nb2 Qg5#
0-1

[Event "Double Scotch"]
[Site "SchemingMind.com"]
[Date "2006.12.11"]
[Round "-"]
[White "fouche"]
[Black "mart_r3000"]
[Result "1-0"]
[WhiteCountry "COL"]
[BlackCountry "ENG"]
[WhiteElo "1619"]
[WhiteRD "56"]
[BlackElo "1281"]
[BlackRD "52"]
[GameID "81646"]

1. e4 e5 2. Nf3 Nc6 3. d4 f6 4. Bc4 d6 5. O-O f5 6. Bf7+ Kxf7 7. Ng5+ Ke8 8. dxe5 Nxe5 9. Bf4 fxe4 10. Nc3 Bf5
11. Ngxe4 g6 12. Re1 c6 13. Nxd6+ Bxd6 14. Bxe5 Bxe5 15. Rxe5+ Ne7 16. Qe2 Kd7 17. Rd1+ Kc7 18. Rxd8 Raxd8 19. Rxe7+ Kc8 20. g4 Bd7
21. Qe5 Bxg4 22. Qc7#
1-0

[Event "Double Scotch"]
[Site "SchemingMind.com"]
[Date "2006.12.13"]
[Round "-"]
[White "fouche"]
[Black "Canuck36"]
[Result "1-0"]
[WhiteCountry "COL"]
[BlackCountry "CAN"]
[WhiteElo "1618"]
[WhiteRD "58"]
[BlackElo "1492"]
[BlackRD "67"]
[GameID "81647"]

1. e4 e5 2. Nf3 Nc6 3. d4 exd4 4. Bc4 Bc5 5. Bxf7+ Kxf7 6. Ng5+ Ke8 7. Qh5+ g6 8. Qf3 Qe7 9. O-O d6 10. Bf4 Nf6
11. Nd2 h6 12. Nh3 Ne5 13. Qb3 c6 14. Bxe5 dxe5 15. Kh1 Bxh3 16. gxh3 b5 17. f4 a5 18. fxe5 Qxe5 19. Rae1 Rf8 20. Nf3 Qh5
21. Qe6+ Kd8 22. Ne5 Bd6 23. Qxd6+
1-0

[Event "Double Scotch"]
[Site "SchemingMind.com"]
[Date "2006.12.13"]
[Round "-"]
[White "fouche"]
[Black "flyingscot"]
[Result "1-0"]
[WhiteCountry "COL"]
[BlackCountry "SCO"]
[WhiteElo "1574"]
[WhiteRD "66"]
[BlackElo "1452"]
[BlackRD "75"]
[GameID "81649"]

1. e4 e5 2. Nf3 Nc6 3. d4 exd4 4. Bc4 d6 5. O-O Bg4 6. Bxf7+ Kxf7 7. Ng5+ Ke8 8. Qxg4 Nf6 9. Qf3 Ne5 10. Qb3 d5
11. exd5 Rb8 12. Ne6 Qd6 13. Bf4 Nxd5 14. Bxe5 Qxe5 15. Nd2 Bd6 16. g3 Kf7 17. Nf4 c6 18. Rae1 Qg5 19. Nxd5 cxd5 20. Nf3 Qh5
21. Qd3 Bc5 22. Kg2 Rhe8 23. Rxe8 Rxe8 24. Re1 Rf8 25. Re5 Qh6 26. Rxd5 Be7 27. Qc4 g6 28. Rf5+ Kg7 29. Qxd4+ Bf6 30. Rxf6 Rxf6
31. Nd2 b6 32. Ne4 g5 33. Nxf6 Kf7 34. Ng4 Qc6+ 35. Kh3 Qe6 36. c4 h5 37. Qd5 Ke7 38. Qxe6+ Kxe6 39. Ne3 Ke5 40. Kg2 Ke4
41. h4 gxh4 42. gxh4 Kf4 43. Nd5+ Kg4 44. f4 Kxh4 45. f5 Kg5 46. f6 Kg4 47. f7 h4 48. f8=Q Kg5 49. Kh3 Kh5 50. Qg8 Kh6
51. Nf4 a5 52. Qg6#
1-0

[Event "Double Scotch"]
[Site "SchemingMind.com"]
[Date "2006.12.11"]
[Round "-"]
[White "mart_r3000"]
[Black "fouche"]
[Result "0-1"]
[WhiteCountry "ENG"]
[BlackCountry "COL"]
[WhiteElo "1281"]
[WhiteRD "52"]
[BlackElo "1619"]
[BlackRD "56"]
[GameID "81650"]

1. e4 e5 2. Nf3 Nc6 3. d4 d6 4. d5 Nce7 5. Bb5+ c6 6. dxc6 bxc6 7. Bc4 Nf6 8. Ng5 d5 9. exd5 cxd5 10. Bb5+ Bd7
11. Be2 Ng6 12. O-O Bd6 13. Re1 O-O 14. Bh5 Nf4 15. Bf3 Bc6 16. g3 Ng6 17. Bg2 h6 18. Ne6 fxe6 19. Qd3 Ne7 20. Bh3 Qd7
21. Nd2 Rae8 22. Nf3 e4 23. Qd4 Nf5 24. Bxf5 exf5 25. Nh4 Be5 26. Qc5 Ba8 27. Ng6 Rf7 28. f3 Kh7 29. Nh4 g5 30. Ng2 d4
31. f4 gxf4 32. gxf4 Bc7 33. Qxa7 Qc6 34. Qa3 d3 35. cxd3 exd3 36. Bd2 Qxg2#
0-1

[Event "Double Scotch"]
[Site "SchemingMind.com"]
[Date "2006.12.12"]
[Round "-"]
[White "Canuck36"]
[Black "fouche"]
[Result "0-1"]
[WhiteCountry "CAN"]
[BlackCountry "COL"]
[WhiteElo "1469"]
[WhiteRD "69"]
[BlackElo "1614"]
[BlackRD "61"]
[GameID "81651"]

1. e4 e5 2. Nf3 Nc6 3. d4 d6 4. Bb5 exd4 5. Nxd4 Bd7 6. Be3 Nf6 7. Nc3 Be7 8. O-O O-O 9. f3 Re8 10. a4 a6
11. Bxc6 bxc6 12. b4 Bf8 13. Bf4 Nh5 14. Nde2 Nxf4 15. Nxf4 Qf6 16. Qd2 Rad8 17. Nce2 Bc8 18. c4 Bb7 19. Qe3 d5 20. cxd5 cxd5
21. b5 dxe4 22. bxa6 Bxa6 23. fxe4 Qb6 24. Qxb6 cxb6 25. Ng3 Bxf1 26. Rxf1 Rd2 27. Nd5 Bc5+ 28. Kh1 Ra2 29. Nc3 Rc2 30. Nd5 Rc4
31. Ra1 g6 32. a5 bxa5 33. Re1 Bf2 34. Rf1 Bxg3 35. Nf6+ Kf8 36. Nxe8 Kxe8 37. hxg3 Rxe4 38. Ra1 Re5 39. Kg1 Kd7 40. Kf2 Kc6
41. Kf3 Kb5 42. g4 a4 43. Kf4 Re7 44. g3 Kb4 45. g5 a3 46. Rb1+ Kc3
0-1

[Event "Double Scotch"]
[Site "SchemingMind.com"]
[Date "2006.12.13"]
[Round "-"]
[White "cnile"]
[Black "fouche"]
[Result "0-1"]
[WhiteCountry "SCO"]
[BlackCountry "COL"]
[WhiteElo "1532"]
[WhiteRD "65"]
[BlackElo "1618"]
[BlackRD "58"]
[GameID "81652"]

1. e4 e5 2. Nf3 Nc6 3. d4 d6 4. Bc4 Nf6 5. Nc3 exd4 6. Nxd4 Ne5 7. Bb3 Be7 8. Bg5 O-O 9. O-O a6 10. Qe2 c5
11. f4 cxd4 12. fxe5 dxe5 13. Nd5 Nxd5 14. Bxe7 Nxe7 15. Rad1 b5 16. c3 Bb7 17. cxd4 Qb8 18. Qh5 Ng6 19. dxe5 Qxe5 20. Qf3 Bxe4
21. Bxf7+ Kh8 22. Qe3 Ra7 23. Bxg6 Rxf1+ 24. Kxf1 Qf6+ 25. Kg1 Ra8 26. Qxe4 Rf8 27. Bf5 g6 28. Bg4 Qf2+ 29. Kh1 Qf1+ 30. Rxf1 Rxf1#
0-1

[Event "Double Scotch"]
[Site "SchemingMind.com"]
[Date "2006.12.13"]
[Round "-"]
[White "flyingscot"]
[Black "fouche"]
[Result "1-0"]
[WhiteCountry "SCO"]
[BlackCountry "COL"]
[WhiteElo "1478"]
[WhiteRD "77"]
[BlackElo "1614"]
[BlackRD "61"]
[GameID "81653"]

1. e4 e5 2. Nf3 Nc6 3. d4 d6 4. Nc3 exd4 5. Nxd4 Nf6 6. Bc4 Bd7 7. a3 a6 8. O-O Be7 9. b4 O-O 10. Be3 Ne5
11. Ba2 b6 12. Qd2 c5 13. bxc5 bxc5 14. Nde2 Bc6 15. Ng3 Qc7 16. Nf5 Rfd8 17. Nh6+ Kf8 18. f3 gxh6 19. Bxh6+ Ke8 20. Rae1 Ng6
21. Re2 Qa5 22. Qe3 Bb5 23. Rfe1 Bxe2 24. Rxe2 Ng8 25. Bg5 Bxg5 26. Qd3 Bf6 27. Nd5 Bd4+ 28. Kf1 N6e7 29. Nf4 Ng6 30. Nxg6 hxg6
31. Qc4 Rab8 32. Qxf7#
1-0

[Event "Double Scotch"]
[Site "SchemingMind.com"]
[Date "2006.12.12"]
[Round "-"]
[White "Dr_Pat"]
[Black "fouche"]
[Result "0-1"]
[WhiteCountry "USA"]
[BlackCountry "COL"]
[WhiteElo "1495"]
[WhiteRD "56"]
[BlackElo "1619"]
[BlackRD "56"]
[GameID "81662"]

1. e4 e5 2. Nf3 Nc6 3. d4 d6 4. Bb5 exd4 5. Nxd4 Bd7 6. Nxc6 bxc6 7. Be2 Nf6 8. Nc3 Be7 9. O-O O-O 10. Be3 Re8
11. Bd3 Bg4 12. f3 Be6 13. a3 Bf8 14. Qe2 d5 15. f4 d4 16. e5 dxc3 17. bxc3 Nd5 18. c4 Nxe3 19. Qxe3 c5 20. f5 Bc8
21. f6 Qd4 22. Qxd4 cxd4 23. fxg7 Bxg7
0-1

[Event "Double Scotch"]
[Site "SchemingMind.com"]
[Date "2006.12.12"]
[Round "-"]
[White "Dr_Pat"]
[Black "mart_r3000"]
[Result "1-0"]
[WhiteCountry "USA"]
[BlackCountry "ENG"]
[WhiteElo "1495"]
[WhiteRD "56"]
[BlackElo "1281"]
[BlackRD "52"]
[GameID "81663"]

1. e4 e5 2. Nf3 Nc6 3. d4 exd4 4. Nxd4 Qe7 5. Nc3 d6 6. Bb5 a6 7. Nxc6 Qf6 8. Nd5 Qg6 9. Ne5+ axb5 10. Nxg6 hxg6
11. Nxc7+ Kd8 12. Nxa8 Be6 13. Qd4 Nf6 14. Qb6+ Ke7 15. Qxb7+ Nd7 16. Qxb5 Rh4 17. Bg5+ f6 18. Bxh4 g5 19. Bg3 Bg4 20. O-O Ke6
21. Qd5+ Ke7 22. Bxd6+ Ke8 23. Nc7+ Kd8 24. Qa8+ Nb8 25. Qxb8+ Kd7 26. Bxf8
1-0

[Event "Double Scotch"]
[Site "SchemingMind.com"]
[Date "2006.12.12"]
[Round "-"]
[White "Dr_Pat"]
[Black "Canuck36"]
[Result "1/2-1/2"]
[WhiteCountry "USA"]
[BlackCountry "CAN"]
[WhiteElo "1519"]
[WhiteRD "49"]
[BlackElo "1469"]
[BlackRD "69"]
[GameID "81664"]

1. e4 e5 2. Nf3 Nc6 3. d4 exd4 4. Nxd4 Nf6 5. Nc3 Bb4 6. Nxc6 bxc6 7. Bd3 d5 8. exd5 Bxc3+ 9. bxc3 cxd5 10. Ba3 c6
11. O-O Be6 12. Re1 Qc7 13. h3 a6 14. Bf5 Qd7 15. Bxe6 fxe6 16. Qd4 Rb8 17. Rab1 Kf7 18. Rxb8 Rxb8 19. c4 Qc7 20. cxd5 cxd5
21. Qe3 Ne4 22. Qf3+ Nf6 23. c3 Qc4 24. Bc1 h6 25. a3 Rb3 26. g4 Rxc3 27. Be3 Ke7 28. Qe2 Qxe2 29. Rxe2 Rxa3 30. Bc5+ Kf7
31. Bxa3 Ne4 32. f3 Nc3 33. Rc2 Nb5 34. Bc5 e5 35. Ra2 d4 36. Rxa6 d3 37. Ra1 Nc3 38. Bd6 d2 39. Bxe5 d1=Q+ 40. Rxd1 Nxd1
41. Kf1 Ne3+ 42. Kf2 Nd5 43. f4 g6 44. Kf3 Nf6 45. Bxf6 Kxf6 46. Ke4 Ke6 47. f5+ gxf5+ 48. gxf5+ Kf6 49. h4 Kf7 50. Ke5 h5
51. Kf4 Kf6 52. Kg3 Kxf5 53. Kf3 Kf6 54. Kf4=
1/2-1/2

[Event "Double Scotch"]
[Site "SchemingMind.com"]
[Date "2006.12.13"]
[Round "-"]
[White "Dr_Pat"]
[Black "cnile"]
[Result "0-1"]
[WhiteCountry "USA"]
[BlackCountry "SCO"]
[WhiteElo "1493"]
[WhiteRD "49"]
[BlackElo "1532"]
[BlackRD "65"]
[GameID "81665"]

1. e4 e5 2. Nf3 Nc6 3. d4 exd4 4. Nxd4 Qh4 5. Nc3 Bb4 6. Nb5 Bxc3+ 7. Nxc3 Nf6 8. g3 Qg4 9. Qxg4 Nxg4 10. Be2 Nge5
11. Bf4 O-O 12. O-O d6 13. Nd5 Be6 14. Nxc7 Rac8 15. Nb5 Bc4 16. Bxc4 Nxc4 17. Nxd6 Nxd6 18. Bxd6 Rfd8 19. Bc5 Rd2 20. Rfc1 b6
21. Be3 Rd7 22. Rd1 Rxd1+ 23. Rxd1 f6 24. a4 Ne5 25. c3 Nc4 26. b3 Nxe3 27. fxe3 Rxc3 28. Rd7 Rxb3 29. Rxa7 Rxe3 30. Rb7 Rxe4
31. Rxb6 Rxa4 32. h3 Ra2 33. Rb3 h5 34. Rf3 Kf7 35. Rf2 Rxf2 36. Kxf2 Ke6 37. Kf3 Kf5 38. g4+ hxg4+ 39. hxg4+ Kg5 40. Kg3 g6
41. Kf3 Kh4 42. g5 Kxg5 43. Kg3 f5 44. Kg2 Kg4 45. Kg1 Kg3
0-1

[Event "Double Scotch"]
[Site "SchemingMind.com"]
[Date "2006.12.13"]
[Round "-"]
[White "Dr_Pat"]
[Black "flyingscot"]
[Result "1-0"]
[WhiteCountry "USA"]
[BlackCountry "SCO"]
[WhiteElo "1493"]
[WhiteRD "49"]
[BlackElo "1459"]
[BlackRD "75"]
[GameID "81666"]

1. e4 e5 2. Nf3 Nc6 3. d4 exd4 4. Nxd4 Ne5 5. f4 Ng6 6. Nc3 d6 7. Bc4 Qh4+ 8. g3 Qh3 9. Nd5 Qd7 10. Nb5 Nh6
11. Ndxc7+ Kd8 12. Nxa8 Qc6 13. Qd3 Be7 14. Nd4 Qd7 15. Bb5 Qh3 16. f5 Ne5 17. Qa3 Nhg4 18. Qa5+ b6 19. Nxb6 Bh4 20. Nd5#
1-0

[Event "Double Scotch"]
[Site "SchemingMind.com"]
[Date "2006.12.12"]
[Round "-"]
[White "fouche"]
[Black "Dr_Pat"]
[Result "0-1"]
[WhiteCountry "COL"]
[BlackCountry "USA"]
[WhiteElo "1618"]
[WhiteRD "58"]
[BlackElo "1493"]
[BlackRD "49"]
[GameID "81667"]

1. e4 e5 2. Nf3 Nc6 3. d4 exd4 4. Bc4 Nf6 5. O-O Nxe4 6. Re1 d5 7. Bb5 Bb4 8. Bd2 Bc5 9. Nxd4 Bxd4 10. Bg5 Qxg5
11. Qxd4 O-O 12. Bxc6 Bh3 13. g3 bxc6 14. Nc3 Nd2 15. Re3 Nc4 16. Rf3 Rfe8 17. b3 Nd2 18. Rf4 a5 19. Qxd2 Re6 20. Re1 d4
21. Na4 Rae8 22. Rxe6 Rxe6 23. Nb2 h5 24. Nc4 h4 25. Qd1 hxg3 26. hxg3 c5 27. Rh4 Bf5 28. Nd2 Re3 29. Qh5 Qxh5 30. Rxh5 Re2
31. Rxf5 Rxd2 32. Rxc5 g6 33. Rxc7 Rd1+ 34. Kg2 Rc1 35. a3 d3 36. Rd7 dxc2 37. Kf3 Rb1 38. Rc7 c1=Q
0-1

[Event "Double Scotch"]
[Site "SchemingMind.com"]
[Date "2006.12.12"]
[Round "-"]
[White "mart_r3000"]
[Black "Dr_Pat"]
[Result "0-1"]
[WhiteCountry "ENG"]
[BlackCountry "USA"]
[WhiteElo "1281"]
[WhiteRD "52"]
[BlackElo "1495"]
[BlackRD "56"]
[GameID "81668"]

1. e4 e5 2. Nf3 Nc6 3. d4 exd4 4. Bb5 a6 5. Ba4 b5 6. Bb3 Bb7 7. O-O Nf6 8. Re1 d6 9. Ng5 Ne5 10. Qxd4 c5
11. Qc3 c4 12. a4 cxb3 13. cxb3 h6 14. Qh3 Qa5 15. Bd2 Qb6 16. Be3 Qc6 17. Nd2 d5 18. exd5 Nxd5 19. Bd4 Nf4 20. Rxe5+ Be7
21. Rxe7+ Kxe7 22. Qe3+ Ne6 23. f3 hxg5 24. Bxg7 Rhg8 25. Bh6 g4 26. Kf2 Rad8 27. Nf1 Rd4 28. Ng3 Qc5 29. Rc1 Rd2+ 30. Ne2 Qxc1
31. Bf4 gxf3 32. Qb6 Rxe2#
0-1

[Event "Double Scotch"]
[Site "SchemingMind.com"]
[Date "2006.12.12"]
[Round "-"]
[White "Canuck36"]
[Black "Dr_Pat"]
[Result "0-1"]
[WhiteCountry "CAN"]
[BlackCountry "USA"]
[WhiteElo "1502"]
[WhiteRD "70"]
[BlackElo "1495"]
[BlackRD "56"]
[GameID "81669"]

1. e4 e5 2. Nf3 Nc6 3. d4 exd4 4. Nxd4 Bc5 5. Be3 Qf6 6. c3 Nge7 7. g3 O-O 8. Bg2 d6 9. O-O Bd7 10. Nf5 Bxf5
11. Bxc5 dxc5 12. exf5 Qxf5 13. Qb3 Rab8 14. Nd2 b5 15. c4 bxc4 16. Qxc4 Rxb2 17. Be4 Qh5 18. Nf3 Ne5 19. Nxe5 Qxe5 20. f4 Qh5
21. h4 Nc8 22. Qc3 Qe2
0-1

[Event "Double Scotch"]
[Site "SchemingMind.com"]
[Date "2006.12.14"]
[Round "-"]
[White "cnile"]
[Black "Dr_Pat"]
[Result "1-0"]
[WhiteCountry "SCO"]
[BlackCountry "USA"]
[WhiteElo "1532"]
[WhiteRD "65"]
[BlackElo "1493"]
[BlackRD "49"]
[GameID "81670"]

1. e4 e5 2. Nf3 Nc6 3. d4 exd4 4. Nxd4 Bc5 5. Nxc6 bxc6 6. c4 d6 7. Nc3 Qf6 8. Be3 Bxe3 9. fxe3 Ne7 10. Qf3 Qxf3
11. gxf3 O-O 12. f4 f5 13. O-O-O Be6 14. Rg1 Ng6 15. Bh3 Rfe8 16. exf5 Bxc4 17. fxg6 hxg6 18. Bd7 Rxe3 19. Rxg6 c5 20. Rdg1 Re7
21. Bc6 Rf8 22. Bd5+ Bxd5 23. Nxd5 Ref7 24. h4 c6 25. Nc3 Kh8 26. Ne4 Rxf4 27. Nxd6 Rxh4 28. Rxg7 Rh7 29. Nf7+ Rxf7 30. Rg8#
1-0

[Event "Double Scotch"]
[Site "SchemingMind.com"]
[Date "2006.12.13"]
[Round "-"]
[White "flyingscot"]
[Black "Dr_Pat"]
[Result "1-0"]
[WhiteCountry "SCO"]
[BlackCountry "USA"]
[WhiteElo "1459"]
[WhiteRD "75"]
[BlackElo "1493"]
[BlackRD "49"]
[GameID "81671"]

1. e4 e5 2. Nf3 Nc6 3. d4 exd4 4. Bc4 Nf6 5. c3 Nxe4 6. O-O d5 7. Bb3 Be7 8. cxd4 O-O 9. h3 Qd6 10. Be3 Bf5
11. Na3 h6 12. Qc1 g5 13. Nb5 Qb4 14. Nxc7 Rac8 15. Nxd5 Qd6 16. Qd1 Na5 17. Nh4 Nxb3 18. Nxe7+ Qxe7 19. Nxf5 Qe6 20. Nxh6+ Qxh6
21. axb3 a6 22. Ra5 f5 23. Re5 Rce8 24. Qd3 Rxe5 25. dxe5 Re8 26. Qd5+ Qe6 27. Qxb7 Qxe5 28. Qxa6 f4 29. Qg6+ Qg7 30. Qxe8+ Qf8
31. Qxe4
1-0